Progresívne formy a spôsoby predaja bakalárska práca

Gespeichert in:
Bibliographische Detailangaben
1. Verfasser: Kresťanová, Petra
Körperschaft: Obchodná fakulta EU. Katedra marketingu
Weitere Verfasser: Matušovičová, Monika, 1967-
Format: Buch
Sprache:Slowakisch
Veröffentlicht: Bratislava 2015
Tags: Tag hinzufügen
Keine Tags, Fügen Sie das erste Tag hinzu!

MARC

LEADER 00000nbm a2200000 4500
001 0203267
005 20161212105732.0
041 0 |a slo 
044 |a SK 
245 1 0 |a Progresívne formy a spôsoby predaja  |b bakalárska práca  |c Petra Kresťanová ; školiteľ: Monika Matušovičová 
264 1 |a Bratislava  |c 2015 
300 |a 61 s. 
100 1 |a Kresťanová, Petra 
700 1 |a Matušovičová, Monika, 1967- 
710 2 |a Obchodná fakulta EU. Katedra marketingu